000 00340nam a2200133Ia 4500
005 20251222143132.0
008 251222s9999||||xx |||||||||||||| ||spa||
020 _a950-808-305-0
082 _a370.154/S25
100 _aSantos Guerra, Miguel Ángel
245 0 _aEnseñar o el Oficio de Aprender:
264 _bHomo Sapiens
942 _cLIB
999 _c11946
_d11946